000 00792nam a2200253 a 4500
008
020 _a0072255242 (pbk.)
049 _aMAIN
090 _aQA76.9.A25
_bSCH
100 _aSchou, Corey.
245 1 0 _aInformation assurance for the enterprise :
_ba roadmap to information security /
_cCorey Schou, Dan Shoemaker.
260 _aNew York :
_bMcGraw-Hill Irwin,
_cc2007.
300 _axxiii, 480 p. :
_bill. ;
_c23 cm.
500 _aIncludes index.
504 _aIncludes bibliographical references.
650 0 _aComputer security.
650 0 _aData protection.
700 _aShoemaker, Dan.
907 _a.b10286780
_b07-02-14
_c09-11-10
003
005 20230120204032.0
040 _cNUST
942 _cBOOKS
_kQA76.9.A25
_mSCH
999 _c115966
_d115966